00936nam a2200253 i 4500001000700000003000900007005001700016007000300033008004100036080002400077080002100101100003700122245006700159250001200226260003700238300003000275490006300305500002900368600004300397830006800440852003300508999001900541952012200560105829ES-MaACL20251017120909.0t|060831s1933 sp ||||1| spa d a929 Van-Halen, Juan a821.134.2-94"19"1 aBaroja, Pío,d1872-195692575210aJuan Van Halen b: el oficial aventurero / cpor Pío Baroja. a2ª ed. aMadrid : bEspasa-Calpe, c1933. a359 p. : bil. ; c19 cm.1 aVidas españolas e hispanoamericanas del siglo XIX ; v31 aBiblioteca Juan Andrade.17aVan-Halen, Juan, d1788-18642913891700aVidas españolas e hispanoamericanas del siglo XIXv319192640 aES-MaACLjAND-643 bR.109941 c105829d105829 00104070aATENEOMbATENEOMcDEPO2d2008-01-17eSCl0oAND-643p1110487r2023-02-23 00:00:00w2023-02-23yMONOGRAFIA